| 000 | 01467cad a22002175a 4500 | ||
|---|---|---|---|
| 001 | L156766 | ||
| 008 | 120711s2012 xxk f 000 0 eng d | ||
| 035 | _a(Sirsi) u156766 | ||
| 041 | 0 | _aeng | |
| 110 | 2 |
_aLondon School of Economics _91264 |
|
| 245 | 0 | 3 |
_aAn assessment of the effects of conservation areas on value _bFinal Report May 2012 _h[electronic resource] |
| 260 |
_aLondon _bLondon School of Economics _c2012 |
||
| 520 | _aResearch into the effects of conservation areas on value. A statistical analysis of over one million property transactions between 1995 and 2010 from the Nationwide building society was conducted along with data on the characteristics of over 8000 English conservation areas. Also assessed were people's perceptions of conservation areas and how these relate to house prices. Findings include the fact that houses in conservation areas sell for a premium of 23% on average and a premia of around 9% exists even after adjusting for other factors that affect house prices such as location and type of property. Also noted was that people value living near to conservation areas. | ||
| 590 | _aKA NTK | ||
| 651 | 4 |
_aEngland _y886- |
|
| 690 | _aConservation and restoration | ||
| 690 |
_aResidential property _96266 |
||
| 690 |
_aCommercial property _96227 |
||
| 856 | 4 | 0 |
_uhttps://www.english-heritage.org.uk/content/imported-docs/a-e/assessment-ca-value.pdf _zView the item free of charge at www.english-heritage.org.uk |
| 942 | _n0 | ||
| 999 |
_c114405 _d114405 |
||